000 00907cam a22002651 4500
001 gs 15000462
003 DLC
005 20260227111318.0
008 790914s1915 dcua f001 0 eng
010 _ags 15000462
035 _a(OCoLC)5374678
040 _aDLC
_cICharE
_dDLC
042 _apremarc
043 _an-us-ia
045 _aw9x1
050 0 0 _aQE75
_b.B9 no. 569
100 1 _aMarshall, R. B.
_q(Robert Bradford),
_d1867-1949
245 1 0 _aResults of spirit leveling in Iowa, 1896 to 1913, inclusive /
_cR.B. Marshall, chief geographer. Work done in cooperation with the State of Iowa from 1907 to 1913, inclusive.
260 _aWashington,
_bGovt. Print. Off.,
_c1915.
300 _a126 p.
_bill.,
_c24 cm.
490 1 _aU.S. Geological survey. Bulletin 569
500 _aIncludes index.
651 0 _aIowa
_xAltitudes.
810 1 _aUnited States.
_bGeological Survey.
_tBulletin ;
_v569.
999 _c25533
_d25533